000 00466nam a2200181Ia 4500
003 GCL
005 20240530104338.0
008 140319s9999 xx 000 0 ara d
040 _aGCL /
_cGCL
082 0 4 _a811.9
_bح ل
100 1 _aحسن توفيق
245 1 0 _aليلى تعشق ليلى /
_cحسن توفيق
300 _a142
490 _a100 قصة
_v0
650 0 4 _aالشعر
650 0 4 _aالشعر - دواوين و قصائد
942 _2ddc
_cBK
999 _c46678
_d46678